Capitales des pays participants à la coupe du monde de foot 1966 - Statistiques

Statistiques générales
  • Ce quiz a été pris 28 fois
  • Le résultat moyen est 13 sur 16
Statistiques - réponses
Capitales % Correct
Brasilia
100%
Londres
100%
Paris
100%
Berlin (Bonn)
96%
Buenos Aires
96%
Lisbonne
92%
Madrid
92%
Mexico
92%
Moscou
88%
Montevideo
85%
Rome
85%
Budapest
77%
Berne
65%
Santiago
65%
Sofia
42%
Pyongyang
31%
Aucun quiz correspondant
Distribution des résultats
% des personnes avec chaque résultat
Percentile par nombre de réponses
Votre historique - résultats
Vous n’avez pas pris ce quiz